[Event "Challenge"]
[Site "http://www.queenalice.com/game.php?id=352265"]
[Date "2008.2.10"]
[Round "-"]
[White "BOBBY27"]
[Black "Indefinable"]
[Result "0-1"]
[WhiteElo "1826"]
[BlackElo "1976"]

1. e4 e5 2. Nf3 Nc6 3. Bb5 d6 4. d4 exd4 5. Nxd4 Bd7 6. Nxc6 bxc6 7. Bc4 Nf6 8.
Bg5 Be7 9. Nd2 O-O 10. Bd3 h6 11. Be3 Nh7 12. f4 f5 13. exf5 Bxf5 14. Bxf5 Rxf5
15. Qe2 Qd7 16. O-O Bf6 17. c3 Re8 18. Rad1 c5 19. Qc4+ Kh8 20. Ne4 Qe7 21. Nxf6
Qxe3+ 22. Kh1 Nxf6 0-1

[Event "Challenge"]
[Site "http://www.queenalice.com/game.php?id=352266"]
[Date "2008.2.10"]
[Round "-"]
[White "Indefinable"]
[Black "BOBBY27"]
[Result "1-0"]
[WhiteElo "1986"]
[BlackElo "1809"]

1. e4 c5 2. Nf3 d6 3. d4 cxd4 4. Nxd4 Nf6 5. f3 a6 6. Nc3 Qc7 7. Be3 e6 8. Qd2
b5 9. a3 Bb7 10. O-O-O Nbd7 11. g4 h6 12. h4 Be7 13. Be2 Ne5 14. h5 d5 15. exd5
Nxd5 16. Bxb5+ axb5 17. Ndxb5 Nxc3 18. Nxc7+ 1-0

[Event "Challenge"]
[Site "http://www.queenalice.com/game.php?id=352376"]
[Date "2008.2.11"]
[Round "-"]
[White "BOBBY27"]
[Black "Dadcol"]
[Result "0-1"]
[WhiteElo "1824"]
[BlackElo "1793"]

1. e4 e6 2. Nf3 d5 3. exd5 exd5 4. d4 Nf6 5. h3 c5 6. dxc5 Bxc5 7. Bg5 Qb6 8.
Qe2+ Ne4 9. Qb5+ Nc6 10. Qxb6 Bxb6 11. Bh4 O-O 12. c3 Re8 13. Be2 Bf5 14. Nbd2
Rac8 15. Nxe4 Bxe4 16. O-O f6 17. Rad1 Ne7 18. Bg3 Ng6 19. Rfe1 a6 20. Kf1 Ne5
21. Nd2 Nd3 22. Bxd3 Bxd3+ 23. Kg1 Bb5 24. Nf3 g5 25. Rxd5 Rxe1+ 26. Nxe1 Re8
27. Rd1 f5 28. Nf3 h6 29. Ne5 f4 30. Nd7 Bxd7 31. Rxd7 fxg3 32. Rd1 Re2 33. Kf1
Rxf2+ 0-1

[Event "Challenge"]
[Site "http://www.queenalice.com/game.php?id=352377"]
[Date "2008.2.11"]
[Round "-"]
[White "Dadcol"]
[Black "BOBBY27"]
[Result "1/2-1/2"]
[WhiteElo "1810"]
[BlackElo "1806"]

1. d4 Nf6 2. c4 e6 3. Nc3 c5 4. Nf3 cxd4 5. Nxd4 Nc6 6. Bg5 Nxd4 7. Qxd4 Be7 8.
e3 O-O 9. Be2 Qa5 10. O-O Qxg5 11. Bf3 Bc5 12. Qd3 Qe5 13. Rad1 a6 14. Rfe1 Qc7
15. Ne4 Nxe4 16. Bxe4 g6 17. a3 Be7 18. b4 d6 19. Qc3 Rb8 20. h3 e5 21. Bd5 b6
22. a4 Bb7 23. e4 Bc8 24. Re3 Bd7 25. b5 a5 26. Rg3 Bh4 27. Rgd3 Bf6 28. Qc1 Be7
29. f4 exf4 30. Qxf4 Be6 31. Rf3 Qd8 32. Kh1 Bg5 33. Qg3 Bh4 34. Qf4 Bg5 35. Qg3
1/2-1/2

[Event "Challenge"]
[Site "http://www.queenalice.com/game.php?id=352474"]
[Date "2008.2.11"]
[Round "-"]
[White "BOBBY27"]
[Black "ERYCA"]
[Result "1/2-1/2"]
[WhiteElo "1829"]
[BlackElo "1761"]

1. e4 c5 2. Nf3 g6 3. d3 Bg7 4. c3 Nc6 5. Be3 d6 6. Be2 Nf6 7. Nbd2 O-O 8. Qc2
b5 9. h3 d5 10. Bxc5 dxe4 11. dxe4 Re8 12. Bxb5 Bb7 13. Be3 a6 14. Ba4 Rf8 15.
Qd1 Na5 16. O-O Bxe4 17. Nxe4 Nxe4 18. Qxd8 Rfxd8 19. Bb6 Rd5 20. Bxa5 Rxa5 21.
Bc6 1/2-1/2

[Event "Challenge"]
[Site "http://www.queenalice.com/game.php?id=352475"]
[Date "2008.2.11"]
[Round "-"]
[White "ERYCA"]
[Black "BOBBY27"]
[Result "1/2-1/2"]
[WhiteElo "1758"]
[BlackElo "1832"]

1. Nf3 Nf6 2. b3 e6 3. Bb2 Be7 4. d3 d5 5. Nbd2 c5 6. g3 Nc6 7. Bg2 Qc7 8. O-O
Bd7 9. d4 cxd4 10. Nxd4 Nxd4 11. Bxd4 e5 12. Be3 b6 13. c4 Bc6 14. cxd5 Nxd5 15.
Rc1 Qb7 16. Bxd5 Bxd5 17. f3 O-O 18. Nc4 Bxc4 19. Rxc4 Rfd8 20. Qa1 f6 21. Rfc1
Rac8 1/2-1/2

[Event "Challenge"]
[Site "http://www.queenalice.com/game.php?id=352512"]
[Date "2008.2.11"]
[Round "-"]
[White "BOBBY27"]
[Black "Abstro"]
[Result "0-1"]
[WhiteElo "1794"]
[BlackElo "1762"]

1. d4 d5 2. Nf3 e6 3. c3 Nf6 4. Bg5 Be7 5. e3 O-O 6. Nbd2 Nbd7 7. Bxf6 Bxf6 8.
Bd3 e5 9. dxe5 Nxe5 10. Nxe5 Bxe5 11. Qc2 f5 12. Nf3 Bd6 13. Nd4 g6 14. O-O-O c5
15. Nf3 c4 16. Be2 Qa5 17. a3 Be6 18. Bxc4 Bxa3 19. bxa3 Qxa3+ 20. Qb2 Qxb2+ 21.
Kxb2 dxc4 22. Nd4 Bf7 23. Ra1 a6 24. Kc2 Bd5 25. f3 Rfe8 26. Kd2 a5 27. Rhb1
Red8 28. Rb6 Kf7 29. Kc2 Re8 30. Kd2 Re7 31. Nb5 Ke8 32. Nd4 Kd7 33. Rb5 Kd6 34.
Raxa5 Rxa5 35. Rxa5 b6 36. Nb5+ Kc5 37. Nc7+ bxa5 0-1

[Event "Challenge"]
[Site "http://www.queenalice.com/game.php?id=352520"]
[Date "2008.2.11"]
[Round "-"]
[White "Abstro"]
[Black "BOBBY27"]
[Result "1-0"]
[WhiteElo "1727"]
[BlackElo "1847"]

1. d4 d5 2. c4 c6 3. Nc3 Nf6 4. a3 Nbd7 5. Nf3 e6 6. Bg5 Be7 7. e3 dxc4 8. Bxc4
b5 9. Ba2 Nd5 10. Bxe7 Qxe7 11. O-O N7f6 12. Nxd5 cxd5 13. Qb3 a6 14. Ne5 O-O
15. Bb1 Bb7 16. Qc2 Rac8 17. Qd3 Nd7 18. Qxh7# 1-0

[Event "Challenge"]
[Site "http://www.queenalice.com/game.php?id=355716"]
[Date "2008.2.17"]
[Round "-"]
[White "BOBBY27"]
[Black "REUSKING"]
[Result "0-1"]
[WhiteElo "1806"]
[BlackElo "1905"]

1. e4 e5 2. Nf3 Nf6 3. Nxe5 d6 4. Nf3 Nxe4 5. d4 d5 6. Bd3 Bd6 7. Nc3 Nxc3 8.
bxc3 O-O 9. O-O Bg4 10. Bxh7+ Kxh7 11. Ng5+ Qxg5 12. f3 Qh5 0-1

[Event "Challenge"]
[Site "http://www.queenalice.com/game.php?id=363342"]
[Date "2008.2.29"]
[Round "-"]
[White "BOBBY27"]
[Black "prmntgen"]
[Result "1/2-1/2"]
[WhiteElo "1805"]
[BlackElo "1664"]

1. Nf3 c6 2. b3 e6 3. e4 d5 4. e5 Nd7 5. d4 c5 6. c3 cxd4 7. cxd4 Bb4+ 8. Bd2
Bxd2+ 9. Qxd2 Ne7 10. Bd3 Nc6 11. Nc3 Nb4 12. Bb1 a5 13. O-O b6 14. a3 Nc6 15.
Bd3 Ba6 16. Nb5 h6 17. Nd6+ Kf8 18. Nb5 Bxb5 19. Bxb5 Na7 20. Bd3 b5 21. Ne1 f6
22. f4 f5 23. Qe2 Qb6 24. Nf3 Rc8 25. Rfc1 Rxc1+ 26. Rxc1 Ke7 27. Qf2 Rc8 28.
Rxc8 Nxc8 29. Qh4+ Kf7 30. Qh5+ Ke7 31. Qg6 Kf8 32. h4 Ne7 33. Qg3 Nc6 34. Qf2
Kg8 35. Kf1 Nf8 36. Ke2 Ng6 37. Ke3 Na7 38. h5 Nh8 39. Qg3 Qc6 40. Qe1 Qb6 41.
Qc3 b4 42. axb4 Qxb4 43. Qxb4 axb4 44. Nh4 Kf7 45. Ba6 Ke7 46. Nf3 Nf7 47. Ne1
Nd8 48. Nc2 Ndc6 49. Kf3 Na5 50. Na1 N7c6 51. Ke3 Nb8 52. Bb5 Nbc6 53. Ba4 Kf7
54. Nc2 Ke7 55. Ne1 Kd7 56. Nc2 Kc7 57. Kf3 Kd8 58. g4 fxg4+ 59. Kxg4 Ke7 60. f5
Kf7 61. fxe6+ Kxe6 62. Kf4 1/2-1/2

[Event "Challenge"]
[Site "http://www.queenalice.com/game.php?id=363344"]
[Date "2008.2.29"]
[Round "-"]
[White "prmntgen"]
[Black "BOBBY27"]
[Result "0-1"]
[WhiteElo "1680"]
[BlackElo "1794"]

1. d4 d5 2. c4 c6 3. e3 Nf6 4. Nc3 Nbd7 5. Qf3 g6 6. cxd5 Nxd5 7. Nxd5 cxd5 8.
Qxd5 Bg7 9. Nf3 Qb6 10. Bb5 e6 11. Qb3 Qd8 12. Ne5 a6 13. Bxd7+ Bxd7 14. Qxb7
Bxe5 15. dxe5 O-O 16. Qb4 Rb8 17. Qg4 Qa5+ 18. Bd2 Qxe5 19. Bc3 Qf5 20. Qd4 e5
21. Qxe5 Qxe5 22. Bxe5 Bb5 23. Bxb8 Rxb8 24. O-O-O Rc8+ 25. Kb1 Bc6 26. Rc1 Be4+
27. Ka1 Re8 28. Rhg1 h5 29. a4 Rb8 30. Rc4 Bd5 31. Rc5 Be6 32. Rc6 Rb4 33. Rxa6
Bc4 34. Ra8+ Kg7 35. Rd1 Rb6 36. Rd7 Re6 37. Raa7 Rf6 38. Rd2 Bb3 39. a5 Rc6 40.
a6 Rc1# 0-1